The study on farmers water uses of thomneidam community in samrong district, takeo province, សិក្សាលើការប្រើប្រាស់ទឹករបស់ប្រជាកសិករនៃសហគមន៍ទំនប់ធម្មន័យ ស្រុកសំរោង ខេត្តតាកែវ (Record no. 4312)

000 -LEADER
fixed length control field 00653nam a22001217a 4500
040 ## - CATALOGING SOURCE
Transcribing agency RUA
082 ## - DEWEY DECIMAL CLASSIFICATION NUMBER
Classification number ATM OEM 2011 B199 Or.1
245 ## - TITLE STATEMENT
Title The study on farmers water uses of thomneidam community in samrong district, takeo province, សិក្សាលើការប្រើប្រាស់ទឹករបស់ប្រជាកសិករនៃសហគមន៍ទំនប់ធម្មន័យ ស្រុកសំរោង ខេត្តតាកែវ
260 ## - PUBLICATION, DISTRIBUTION, ETC. (IMPRINT)
Place of publication Phnom Penh
Name of publisher RUA
Year of publication 2011
300 ## - PHYSICAL DESCRIPTION
Number of Pages xi, 56p.
Other physical details ill.
Dimensions 29cm.
856 ## - ELECTRONIC LOCATION AND ACCESS
Uniform Resource Identifier https://drive.google.com/file/d/1V9eeoTpSOz113gFN0AjlckkMUdol9X9D/view?usp=sharing
942 ## - ADDED ENTRY ELEMENTS (KOHA)
Koha item type ATM
952 ## - LOCATION AND ITEM INFORMATION (KOHA)
Withdrawn status [LOCAL, KOHA] 0
952 ## - LOCATION AND ITEM INFORMATION (KOHA)
Withdrawn status [LOCAL, KOHA] 0
952 ## - LOCATION AND ITEM INFORMATION (KOHA)
Withdrawn status [LOCAL, KOHA] 0
952 ## - LOCATION AND ITEM INFORMATION (KOHA)
Withdrawn status [LOCAL, KOHA] 0
Holdings
Koha item type Barcode Lost status Permanent Location Current Location Date acquired Full call number
ATMRUA039106 Library Block BLibrary Block B2015-12-09ATM OEM 2011 B199 Or.1
ATMRUA046654 Library Block BLibrary Block B2015-12-09ATM OEM 2011 B199 Or.2
ATMRUA047580 Library Block BLibrary Block B2015-12-09ATM OEM 2011 B199 Or.3
ATMRUA058011 Library Block BLibrary Block B2016-05-25ATM OEM 2011 B199 Or.4
មជ្ឈមណ្ឌលឯការនៃសាកលវិទ្យាល័យភូមិន្ទកសិកម្មចំការដូង

Powered by Koha